000 01645cam a22004814i 4500
003 PE-LiUPU
005 20250731172951.0
008 150623s r 000 0 d
020 _a0931464730
035 _a(Sirsi) i9780931464737
040 _aPE-LiUPU
_bspa
_cPE-LiUPU
_erda
049 _aPRUA
082 0 4 _a221.6
_bU81
_221
245 0 0 _aUncovering ancient stones :
_bessays in memory of H. Neil Richardson /
_ceditado por Lewis M. Hopfe.
264 1 _aWinona Lake, Indiana :
_bEisenbrauns,
_c1994.
300 _a270 páginas ;
_c24 centímetros
336 _atext
_2rdacontent
337 _aunmediated
_2rdamedia
338 _avolume
_2rdacarrier
504 _aBibliografía al pie de páginas.
505 0 _aThe Hebrew Bible in its time. -Archaeology and the Bible. -The Hebrew Bible and its later uses.
526 _aSEG42
526 _aSEG41
526 _aSEG40
526 _aSEG39
526 _aP94
526 _aP87
526 _aP86
526 _aP85
526 _aP77
526 _aP76
526 _aP35
630 _aBiblia.
_pA.T.
_xAntigüedades.
630 _aBiblia.
_pA.T.
_xCrítica, interpretación, etc.
630 _aBiblia.
_pA.T.
_xUso.
700 1 _aHopfeed, Lewis M.,
_eed.
942 _2ddc
_cBOOK
949 _a221.6 U81
_wDEWEY
_c1
_i44939
_lCCODEBUL1
_mBUL
_r0
_sY
_tBOOK
_u2015-6-24
_xTEOLOGIA
_PP35
_0COMPRA
_o.STAFF. Colección General
994 _aC0
_bPEPRU
596 _a1
999 _a221.6 U81
_wDEWEY
_c21813
_i44939
_f2021-11-9
_g5
_lCCODEBUL1
_mBUL
_r0
_sY
_tBOOK
_u2015-6-24
_xTEOLOGIA
_PP35
_0COMPRA
_o.STAFF. Colección General
_d21813
980 _81
_gALBERTO SANCHEZ Responsable de Automatización